000 00318nam a22001217a 4500
008 260430b |||||||| |||| 00| 0 eng d
082 _a001394
100 _aOjha, Shivkumar
245 _aMahauthkrustha Bharatiya Samskruti
260 _aBangalore
_bShivkumar Ojha Jakarand Brigade
_c2022
300 _a686p
942 _2ddc
999 _c1383
_d1383